Tous les joueurs ayant marqué 10 buts en Ligue des Champions ! - Statistiques

Statistiques générales
  • Ce quiz a été pris 134 fois
    24 depuis la dernière actualisation
  • Le résultat moyen est 113 sur 238
Statistiques - réponses
Buteur Nat. Buts Clubs % Correct
Cristiano Ronaldo POR 140 Manchester United (21), Real Madrid (105), Juventus (14)
100%
Erling Haaland NOR 57 RB Salzbourg (8), Borussia Dortmund (15), Manchester City (34)
100%
Karim Benzema FRA 90 Olympique Lyonnais (12), Real Madrid (78)
100%
Kylian Mbappé FRA 70 AS Monaco (6), PSG (42), Real Madrid (22)
100%
Lionel Messi ARG 129 FC Barcelone (120), PSG (9)
100%
Robert Lewandowski POL 109 Borussia Dortmund (17), Bayern Munich (69), FC Barcelone (23)
100%
Ronaldo BRE 14 Inter Milan (1), Real Madrid (13)
100%
Thomas Muller ALL 57 Bayern Munich
100%
Harry Kane ANG 54 Tottenham (21), Bayern Munich (33)
94%
Neymar BRE 43 FC Barcelone (21), PSG (22)
94%
Thierry Henry FRA 50 AS Monaco (7), Arsenal (35), FC Barcelone (8)
94%
Vinicius Junior BRE 34 Real Madrid
94%
Zlatan Ibrahimovic SUE 48 Ajax Amsterdam (6), Juventus (3), Inter Milan (6), FC Barcelone (4), AC Milan (9), PSG (20)
94%
Antoine Griezmann FRA 44 Atlético Madrid (40), FC Barcelone (4)
89%
Didier Drogba CIV 44 Olympique de Marseille (5), Chelsea (36), Galatasaray (3)
89%
Franck Ribéry FRA 18 Bayern Munich
89%
Gareth Bale GAL 20 Tottenham (4), Real Madrid (16)
89%
Luis Suárez URU 27 Ajax Amsterdam (1), FC Barcelone (25), Atlético Madrid (1)
89%
Mohamed Salah EGY 50 FC Bâle (2), AS Roma (1), Liverpool (47)
89%
Raùl ESP 71 Real Madrid (66), Schalke 04 (5)
89%
Arjen Robben HOL 31 PSV Eindhoven (3), Chelsea (2), Real Madrid (1), Bayern Munich (25)
83%
Edinson Cavani URU 35 Naples (5), PSG (30)
83%
Ousmane Dembélé FRA 27 Borussia Dortmund (2), FC Barcelone (8), PSG (17)
83%
Sergio Ramos ESP 17 Real Madrid (15), FC Séville (2)
83%
Toni Kroos ALL 11 Bayern Munich (6), Real Madrid (5)
83%
Andriy Shevchenko UKR 48 Dynamo Kiev (15), Milan AC (29), Chelsea (4)
78%
Kingsley Coman FRA 17 Bayern Munich
78%
Sadio Mané CIV 27 Liverpool (24), Bayern Munich (3)
78%
Sergio Agüero ARG 41 Atlético Madrid (5), Manchester City (36)
78%
Zinédine Zidane FRA 14 Juventus (5), Real Madrid (9)
78%
André Silva POR 10 FC Porto (4), RB Leipzig (6)
72%
Andrés Iniesta ESP 11 FC Barcelone
72%
Bernardo Silva POR 17 AS Monaco (2), Manchester City (15)
72%
David Silva ESP 10 Valence (2), Manchester City (8)
72%
Fernando Torres ESP 20 Liverpool (8), Chelsea (10), Atlético Madrid (2)
72%
Ferran Torres ESP 18 Valence (2), Manchester City (4), FC Barcelone (12)
72%
Kevin De Bruyne BEL 16 Manchester City
72%
Khvicha Kvaratskhelia GEO 15 Naples (2), PSG (13)
72%
Luis Figo POR 24 FC Barcelone (7), Real Madrid (11), Inter Milan (1)
72%
Olivier Giroud FRA 24 Arsenal (12), Chelsea (6), AC Milan (6)
72%
Rafa Silva POR 10 Benfica
72%
Rivaldo BRE 27 FC Barcelone (22), AC Milan (2), Olympiakos (3)
72%
Roberto Firmino BRE 22 Liverpool
72%
Rodrygo BRE 26 Real Madrid
72%
Ruud van Nistelrooy HOL 56 PSV Eindhoven (8), Manchester United (35), Real Madrid (13)
72%
Samuel Eto'o CAM 30 RCD Majorque (1), FC Barcelone (16), Inter Milan (10), Chelsea (3)
72%
Serge Gnabry ALL 18 Bayern Munich
72%
Wayne Rooney ANG 30 Manchester United
72%
Alessandro Del Piero ITA 42 Juventus
67%
Angel Di Maria ARG 24 Real Madrid (8), PSG (14), Benfica (2)
67%
Désiré Doué FRA 10 PSG
67%
Francsco Totti ITA 17 AS Rome
67%
Julián Alvarez ARG 25 Manchester City (8), Atlético Madrid (17)
67%
Lamine Yamal ESP 11 FC Barcelone
67%
Leroy Sané ALL 23 Schalke 04 (1), Manchester City (16), Bayern Munich (6)
67%
Michael Olise FRA 10 Bayern Munich
67%
Pierre-Emerick Aubameyang GAB 20 Borussia Dortmund (15), Chelsea (2), Olympique de Marseille (3)
67%
Robin Van Persie HOL 25 Arsenal (18), Manchester United (7)
67%
Ronaldinho BRE 18 FC Barcelone (14), AC Milan (4)
67%
Ryan Giggs GAL 28 Manchester United
67%
Xavi ESP 11 FC Barcelone
67%
Alexis Sánchez CHI 17 FC Barcelone (3), Arsenal (9), Inter Milan (2), Olympique de Marseille (2)
61%
Ciro Immobile ITA 13 Borussia Dortmund (4), Lazio (9)
61%
David Villa ESP 14 Valence (6), FC Barcelone (9)
61%
Edin Dzeko BOS 29 Wolfsbourg (4), Manchester City (3), AS Rome (15), Inter Milan (7)
61%
Heug-min Son COR 19 Bayer Leverkusen (3), Tottenham (16)
61%
Hulk BRE 17 FC Porto (7), Zénith Saint-Petersbourg (10)
61%
Joshua Kimmich ALL 12 Bayern Munich
61%
Jude Bellingham ANG 15 Borussia Dortmund (6), Real Madrid (9)
61%
Kaká BRE 30 AC Milan (25), Real Madrid (5)
61%
Lautaro Martinez ARG 25 Inter Milan
61%
Luis Diaz COL 17 FC Porto (4), Liverpool (6), Bayern Munich (7)
61%
Marco Reus ALL 24 Borussia Dortmund
61%
Mario Mandžukić CRO 21 Bayern Munich (6), Atlético Madrid (5), Juventus (10)
61%
Mirosval Klose ALL 14 Werder Brême (5), Bayern Munich (9)
61%
Pavel Nedved TCH 15 Lazio (4), Juventus (11)
61%
Phil Foden ANG 20 Manchester City
61%
Raphinha BRE 19 FC Barcelone
61%
Riyad Mahrez ALG 20 Leicester (4), Manchester City (16)
61%
Romelu Lukaku BEL 18 Manchester United (7), Inter Milan (9), Chelsea (2)
61%
Serhou Guirassy GUI 19 Stade Rennais (2), Borussia Dortmund (17)
61%
Victor Osimhen NGA 16 LOSC (2), Naples (7), Galatasaray (7)
61%
Vitinha POR 10 PSG
61%
Achraf Hakimi MAR 10 Borussia Dortmund (4), PSG (6)
56%
Christopher Nkunku FRA 11 RB Leipzig
56%
Eden Hazard BEL 10 Chelsea (8), Real Madrid (2)
56%
Gerard Piqué ESP 16 Manchester United (2), FC Barcelone (14)
56%
Gonzalo Higuain ARG 24 Real Madrid (8), Naples (4), Juventus (12)
56%
Isco ESP 10 Málaga (3), Real Madrid (6), FC Séville (1)
56%
Jackson Martinez COL 13 FC Porto (12), Atlético Madrid (1)
56%
Kai Havertz ALL 14 Chelsea (6), Arsenal (8)
56%
Marcus Rashford ANG 17 Manchester United (12), FC Barcelone (5)
56%
Marquinhos BRE 11 PSG
56%
Michael Owen ANG 11 Liverpool (6), Real Madrid (1), Manchester United (4)
56%
Paulo Dybala ARG 18 Juventus
56%
Philippe Coutinho BRE 12 Liverpool (5), FC Barcelone (4), Bayern Munich (3)
56%
Raheem Sterling ANG 27 Manchester City (24), Chelsea (3)
56%
Bukayo Saka ANG 13 Arsenal
50%
Burak Yılmaz TUR 13 Galatasaray (10), LOSC (3)
50%
Cesc Fàbregas ESP 20 Arsenal (13), FC Barcelone (3), Chelsea (4)
50%
Christian Pulisic USA 12 Borussia Dortmund (2), AC Milan (5), Chelsea (5)
50%
Darwin Núñez URU 11 Benfica (6), Liverpool (5)
50%
David Beckham ANG 16 Manchester United (14), Real Madrid (2)
50%
Dries Mertens BEL 16 Naples
50%
Frank Lampard ANG 23 Chelsea
50%
Gabriel Jesus BRE 26 Manchester City (20), Arsenal (6)
50%
Gabriel Martinelli BRE 10 Arsenal
50%
Georges Weah LBA 11 PSG (7), AC Milan (4)
50%
Jonathan David CAN 12 LOSC (10), Juventus (2)
50%
Juninho BRE 18 Olympique Lyonnais
50%
Lorenzo Insigne ITA 11 Naples
50%
Mesut Özil ALL 11 Real Madrid (4), Arsenal (7)
50%
Pedro ESP 18 FC Barcelone (15), Chelsea (1), Lazio (2)
50%
Radamel Falcao COL 12 FC Porto (4), AS Monaco (8)
50%
Timo Werner ALL 17 RB Leipzig (9), Chelsea (8)
50%
Viktor Gyökeres SUE 11 Sporting (6), Arsenal (5)
50%
Alejandro Grimaldo ESP 10 Benfica (4), Bayer Leverkusen (6)
44%
Álvaro Morata ESP 29 Real Madrid (4), Juventus (15), Chelsea (1), Atlético Madrid (8), AC Milan (1)
44%
Anthony Gordon ANG 10 Newcastle
44%
Carlos Tevez ARG 13 Manchester United (6), Juventus (7)
44%
Claudio Lopez ARG 11 Valence (5), Lazio (6)
44%
Diego Costa ESP 11 Atlético Madrid (9), Chelsea (2)
44%
Dominik Szoboszlai HON 12 RB Salzbourg (3), RB Leipzig (3), Liverpool (6)
44%
Douglas Costa BRE 11 Shakhtar Donetsk (6), Bayern Munich (4), Juventus (1)
44%
Fernando Morientes ESP 33 Real Madrid (17), AS Monaco (9), Liverpool (1), Valence (6)
44%
Filippo Inzaghi ITA 46 Juventus Turin (17), Milan AC (29)
44%
Hakan Çalhanoğlu TUR 12 Bayer Leverkusen (5), Inter Milan (7)
44%
Lisandro Lopez ARG 19 FC Porto (13), Olympique Lyonnais (6)
44%
Mauro Icardi ARG 11 Inter Milan (4), PSG (5), Galatasaray (2)
44%
Nicolas Anelka FRA 20 Arsenal (1), Real Madrid (2), PSG (5), Chelsea (12)
44%
Robert Pirès FRA 14 Olympique de Marseille (2), Arsenal (11), Villarreal (1)
44%
Roy Keane IRL 14 Manchester United
44%
Simone Inzaghi ITA 15 Lazio
44%
Steven Gerrard ANG 21 Liverpool
44%
Arturo Vidal CHI 15 Juventus (9), Bayern Munich (5), Inter Milan (1)
39%
Dani Alves BRE 12 FC Séville (2), FC Barcelone (5), Juventus (3), PSG (2)
39%
David Trezeguet FRA 29 Deportivo La Corogne (12), Bayern Munich (17)
39%
Deco POR 13 FC Porto (7), FC Barcelone (6)
39%
Dimitar Berbatov BUL 13 Bayer Leverkusen (7), Manchester United (5), AS Monaco (1)
39%
Emmanuel Adebayor TOG 11 AS Monaco (1), Arsenal (8), Real Madrid (2)
39%
Eric-Maxime Choupo-Moting CAM 11 Schalke 04 (1), PSG (1), Bayern Munich (9)
39%
Freddie Ljungberg SUE 13 Arsenal
39%
İlkay Gündoğan ALL 13 Borussia Dortmund (1), Manchester City (12)
39%
Klaas-Jan Huntelaar HOL 14 Ajax Amsterdam (1), Schalke 04 (13)
39%
Lukas Podolski ALL 13 Bayern Munich (3), Arsenal (9), Benfica (2)
39%
Marco Asensio ESP 15 Real Madrid (12), Aston Villa (3)
39%
Mario Götze ALL 12 Borussia Dortmund (3), Bayern Munich (9)
39%
Miralem Pjanic BOS 11 Olympique Lyonnais (5), AS Rome (2), Juventus (4)
39%
Patrick Kluivert HOL 29 Ajax Amsterdam (9), FC Barcelone (20)
39%
Roberto Carlos BRE 16 Real Madrid
39%
Sidney Govou FRA 11 Olympique Lyonnais (10), Panathinaïkos (1)
39%
Sylvain Wiltord FRA 15 Girondins de Bordeaux (4), Arsenal (3), Olympique Lyonnais (8)
39%
Wesley Sneijder HOL 12 Ajax Amsterdam (2), Inter Milan (6), Galatasaray (4)
39%
Weston McKennie USA 11 Schalke 04 (1), Juventus (10)
39%
Willian BRE 18 Shakhtar Donetsk (8), Chelsea (10)
39%
Adriano BRE 14 Inter Milan
33%
Bastian Schweinsteiger ALL 12 Bayern Munich
33%
Chicharito MEX 14 Manchester United (7), Real Madrid (1), Bayer Leverkusen (6)
33%
Guti ESP 16 Real Madrid
33%
Hakim Ziyech MAR 10 Ajax Amsterdam (5), Chelsea (3), Galatasaray (2)
33%
Hans Vanaken BEL 12 Club Bruges
33%
Hristo Stoichkov BUL 10 FC Barcelone
33%
Ivan Rakitic CRO 10 FC Barcelone (6), FC Séville (4)
33%
João Félix POR 10 Atlético Madrid (7), FC Barcelone (3)
33%
José Calléjón ESP 11 Real Madrid (7), Naples (4)
33%
Lucho González ARG 18 FC Porto (13), Olympique de Marseille (5)
33%
Luiz Adriano BRE 21 Shakhtar Donetsk (20), Spartak Moscou (1)
33%
Mario Gomez ALL 26 Stuttgart (3), Bayern Munich (23)
33%
Mario Pašalić CRO 10 Atalanta
33%
Mehdi Taremi IRN 13 FC Porto (10), Inter Milan (1), Olympiakos (2)
33%
Michael Ballack ALL 16 Bayer Leverkusen (3), Bayern Munich (4), Chelsea (9)
33%
Michael Essien GHA 11 Olympique Lyonnais (5), Chelsea (6)
33%
Paul Scholes ANG 24 Manchester United
33%
Raphaël Guerreiro POR 11 Borussia Dortmund (9), Bayern Munich (2)
33%
Ricardo Quaresma POR 10 FC Porto (7), Besiktas (3)
33%
Roy Makaay HOL 29 AS Monaco (4), Juventus (25)
33%
Sébastien Haller CIV 12 Ajax Amsterdam (11), Borussia Dortmund (1)
33%
Seydou Doumbia CIV 15 CSKA Moscou (13), FC Bâle (1), Sporting CP (1)
33%
Tomas Rosicky TCH 10 Sparta Prague (4), Borussia Dortmund (3), Arsenal (3)
33%
Vincent Aboubakar CAM 14 FC Porto (11), Besiktas (3)
33%
Andy Cole ANG 18 Manchester United
28%
Arkadiusz Milik POL 10 Ajax Amsterdam (1), Naples (7), Juventus (2)
28%
Christian Vieri ITA 10 Juventus (4), Inter Milan (6)
28%
Clarence Seedorf HOL 11 Real Madrid (3), AC Milan (8)
28%
Claudio Pizarro PER 21 Bayern Munich (19), Werder Brême (3)
28%
Dušan Tadić SER 10 Ajax Amsterdam
28%
Dwight Yorke TRI 11 Manchester United
28%
Hakan Şükür TUR 13 Galatasaray
28%
Hernán Crespo ARG 25 Parme (2), Lazio (2), Inter Milan (11), Chelsea (4), AC Milan (6)
28%
Jari Litmanen FIN 23 Ajax Amsterdam (20), Liverpool (3)
28%
Konstantinos Mitroglou GRE 14 Olympiakos (11), Benfica (3)
28%
Luuk de Jong HOL 14 Twente (1), PSV Eindhoven (11), FC Séville (2)
28%
Marco Simone ITA 23 AC Milan (14), PSG (3), AS Monaco (6)
28%
Ole Gunnar Solskjaer NOR 19 Manchester United
28%
Romário BRE 12 PSV Eindhoven (7), FC Barcelone (5)
28%
Sonny Anderson BRE 13 FC Barcelone (4), Olympique Lyonnais (9)
28%
Wissam Ben Yedder FRA 10 FC Séville
28%
Youssef En-Nesyri MAR 10 FC Séville
28%
Emil Forsberg SUE 11 RB Leipzig
22%
Ivica Olic CRO 10 CSKA Moscou (1), Bayern Munich (9)
22%
Jefferson Farfán PER 10 PSV Eindhoven (4), Schalke 04 (5), Lokomotiv Moscou (1)
22%
John Carew NOR 18 Rosenborg (5), Valence (8), Olympique Lyonnais (5)
22%
John Terry ANG 10 Chelsea
22%
Karim Adeyemi ALL 16 RB Salzbourg (4), Borussia Dortmund (12)
22%
Peter Crouch ANG 13 Liverpool (9), Tottenham (4)
22%
Theo Walcott ANG 15 Arsenal
22%
Dejan Stankovic SER 11 Lazio (3), Inter Milan (8)
17%
Giovane Élber BRE 24 Bayern Munich (21), Olympique Lyonnais (3)
17%
Jan Koller TCH 13 Anderlecht (3), Borussia Dortmund (10)
17%
Saúl Ñíguez ESP 11 Atlético Madrid
17%
Sávio BRE 11 Real Madrid (10), Arnothosis Famagouste (1)
17%
Alen Bokšić CRO 11 Olympique de Marseille (6), Juventus (4), Lazio (1)
11%
Iván Helguera ESP 15 Real Madrid
11%
Javier Saviola ARG 18 FC Barcelone (11), AS Monaco (4), Málaga (1), Olympiakos (2)
11%
Julio Cruz ARG 19 Feyenoord (6), Inter Milan (13)
11%
Luis Enrique ESP 19 FC Barcelone
11%
Mario Jardel BRE 25 FC Porto (19), Galatasaray (6)
11%
Mirko Vučinić MNE 10 AS Rome (8), Juventus (2)
11%
Roberto Soldado ESP 16 Real Madrid (1), Valence (15)
11%
Alberto Gilardino ITA 11 AC Milan (4), Fiorentina (7)
6%
Carsten Jancker ALL 12 Bayern Munich
6%
Christian Panucci ITA 11 AC Milan (3), Real Madrid (3), AS Rome (5)
6%
Diego Tristán ESP 15 Deportivo La Corogne
6%
Jonas BRE 11 Valence (8), Benfica (3)
6%
Jon Dahl Tomasson DAN 11 Feyenoord (7), AC Milan (4)
6%
Luis Garcia ESP 10 Liverpool
6%
Maksim Shatskikh OUZ 11 Dynamo Kiev
6%
Mehmet Scholl ALL 12 Bayern Munich
6%
Michalis Konstantinou CHY 11 Panathinaïkos (9), Olympiakos (2)
6%
Oscar Carodozo PAR 11 Benfica
6%
Paulo Sérgio BRE 12 Bayern Munich
6%
Roar Strand NOR 11 Rosenborg
6%
Sergiy Rebrov UKR 21 Dynamo Kiev
6%
Walter Pandiani URU 12 Deportivo La Corogne
6%
Zlatko Zahovic SVN 11 FC Porto (8), Olympiakos (2), Valence (1)
6%
Alex Teixeira BRE 11 Shakhtar Donetsk
0%
Giovanni BRE 12 FC Barcelone (4), Olyampiakos (8)
0%
Harald Brattbak NOR 11 Rosenborg
0%
Aucun quiz correspondant
Distribution des résultats
% des personnes avec chaque résultat
Percentile par nombre de réponses
Votre historique - résultats
Vous n’avez pas pris ce quiz depuis la dernière actualisation